000 00197 a2200097 4500
001 3115
100 _aCombs LFE
245 _aWorking with zia
260 _a
_bOxford press
_c
090 _c2397
_d2397
942 _aNUST-CAE
_cM
_c15524
999 _c238188
_d238188